Países y territorios incluidos en el Tratado Antártico - Estadísticas

Estadísticas generales
  • Esta prueba ha sido intentada 13 veces
  • La puntuación promedio es 6 de 15
Estadísticas de respuestas
País % Correcto
X
80%
X
80%
X
70%
X
70%
X
70%
X
70%
X
60%
20%
10%
10%
10%
0%
0%
0%
0%
No se encontraron pruebas coincidentes
Distribución de puntuación
Porcentaje de gente con cada puntuación
Porcentaje por número respondido
Historial de tus puntuaciones
No has intentado esta prueba.